| 000 | 00684naa a2200217 a 4500 | ||
|---|---|---|---|
| 001 | 43503 | ||
| 003 | BD-RjUL | ||
| 005 | 20211209053716.0 | ||
| 008 | 830106n enkb |||||||||||| ||eng| | ||
| 035 | _a(BD-RjUL)43621 | ||
| 040 |
_aDLC _cCarP _dDLC _dBD-RjUL _beng |
||
| 041 | _aeng | ||
| 082 |
_223 _a330.91285 _bEVN 1954 |
||
| 100 |
_aEvans, Hubert _9133659 |
||
| 245 | 0 | 0 |
_aNicaragua : _beconomic and commercial conditions in Nicaragua / _cHubert Evans |
| 260 |
_aLondon : _bH. M. Stationery Off. , _c1954 |
||
| 300 |
_aiv, 23 p. : _bill. ; _c25 cm. |
||
| 651 | 0 |
_aNicaragua _xEconomic conditions _y1918-1979. _9133651 |
|
| 830 | 0 |
_aOverseas economic surveys. _9133628 |
|
| 942 |
_2ddc _cBK |
||
| 999 |
_c43503 _d43503 |
||